[Event "Vaujany 2022 Accession"]
[Site "Vaujany"]
[Date "2022.07.20"]
[Round "7.3"]
[White "De Muyser, Xavier"]
[Black "Oumer, Walid"]
[Result "0-1"]
[WhiteElo "1593"]
[BlackElo "1492"]
[Annotator "promoechecs"]
[PlyCount "78"]
[EventDate "2022.07.14"]
[EventType "swiss"]
[EventCountry "FRA"]
[SourceVersionDate "2022.07.17"]

1. e4 c5 2. Nf3 d6 3. Bb5+ Bd7 4. Bxd7+ Qxd7 5. O-O (5. c4 e6 6. d4 cxd4 7.
Nxd4 Nf6 8. Nc3 Nc6 9. O-O Be7 10. b3 Nxd4 11. Qxd4 O-O 12. Bb2 Rfd8 13. Rfd1
Qc6 14. f3 d5 15. cxd5 exd5 16. Qe5 Bc5+ 17. Kh1 Qe6 18. Nxd5 Qxe5 19. Bxe5
Nxd5 20. Rxd5 Rxd5 21. exd5 f6 22. Bc7 Kf7 23. d6 Bb6 24. Rc1 Ke6 25. Re1+ Kf7
26. Re7+ Kf8 27. h4 Bc5 28. Re4 b5 29. d7 Be7 30. Rd4 Bd8 31. Bd6+ Kf7 32. Re4
Bb6 33. Re7+ Kg6 34. g4 h6 35. f4 h5 36. a4 bxa4 37. f5+ Kh7 38. bxa4 Rd8 39.
gxh5 Kg8 40. Kg2 Kh7 41. Kf3 Ra8 42. Ke4 {1-0 (42) Martin,A (1695)-Roche,Y 
(1729) Vaujany 2022 [promoechecs]}) 5... Nf6 6. Re1 e5 7. c3 Be7 8. d4 Nc6 9.
dxc5 dxc5 10. Qxd7+ Nxd7 11. Nbd2 O-O 12. a4 a6 13. Nc4 b5 14. axb5 axb5 15.
Rxa8 Rxa8 16. Ne3 Ra1 17. Nc2 Ra4 18. b3 Ra2 19. Ne3 b4 20. Rd1 Nf6 21. Nd5 Kf8
22. cxb4 cxb4 23. Nxf6 Bxf6 24. Bd2 Ke8 25. Rc1 Kd7 26. Be3 Rb2 27. Nd2 Nd4 28.
Bxd4 exd4 29. Rd1 d3 30. e5 Be7 (30... Bxe5 31. Nc4 Re2 32. Rxd3+ $11) 31. Kf1
Ke6 32. g3 Kd5 33. Ke1 Bc5 34. f4 Be3 35. Nc4 Re2+ 36. Kf1 Kd4 37. f5 Rf2+ 38.
Ke1 Rxh2 39. e6 Rh1# 0-1

[Event "Vaujany 2022 Accession"]
[Site "Vaujany"]
[Date "2022.07.20"]
[Round "7.4"]
[White "Pu, Linden"]
[Black "Roche, Yves"]
[Result "1/2-1/2"]
[WhiteElo "1801"]
[BlackElo "1729"]
[PlyCount "108"]
[EventDate "2022.07.14"]
[EventType "swiss"]
[EventCountry "FRA"]
[SourceVersionDate "2022.07.17"]

1. d4 Nf6 2. Nf3 d6 3. Nbd2 Nbd7 4. c3 c6 5. e4 e5 6. Bd3 Be7 7. O-O Qc7 8. a4
a5 9. b3 Nf8 10. Ba3 Ng6 11. Nc4 O-O 12. Rc1 Bg4 13. Ne3 Bd7 14. Qd2 Rfd8 15.
h3 Bf8 16. Nf5 Nf4 17. Bb1 g6 18. Ng3 Be6 19. c4 Bh6 20. Qb2 exd4 21. Nxd4 Bg7
22. Nxe6 fxe6 23. Qd2 e5 24. Rcd1 c5 25. Ne2 N6h5 26. Kh2 Nxe2 27. Qxe2 Nf4 28.
Qd2 g5 29. g3 Ne6 30. Qd5 Qf7 31. Bc1 h6 32. Rd3 Nd4 33. Qxf7+ Kxf7 34. f4 Kg6
35. Be3 Rf8 36. Bxd4 cxd4 37. f5+ Kf7 38. Bc2 Bf6 39. Bd1 Ke7 40. Bh5 Kd7 41.
Kg2 Kc6 42. Kf3 Kc5 43. Rg1 Rh8 44. Bf7 h5 45. Bd5 Rh7 46. Rc1 Rf8 47. Rb1 Bd8
48. Rd2 Rg7 49. Rdb2 Kb4 50. Ke2 Bb6 51. Kd3 Bc5 52. Rf2 Rf6 53. Rfb2 Rc7 54.
h4 g4 1/2-1/2

[Event "Vaujany 2022 Accession"]
[Site "Vaujany"]
[Date "2022.07.20"]
[Round "7.5"]
[White "Findeling Creus, Paul"]
[Black "Pitaval, Lubin"]
[Result "1-0"]
[WhiteElo "1639"]
[BlackElo "1781"]
[PlyCount "65"]
[EventDate "2022.07.14"]
[EventType "swiss"]
[EventCountry "FRA"]
[SourceVersionDate "2022.07.17"]

1. e4 c5 2. Nf3 Nc6 3. Bb5 g6 4. Bxc6 dxc6 5. h3 Bg7 6. d3 Nf6 7. Nc3 b5 8. a4
b4 9. Nb1 a5 10. Be3 Nd7 11. Qc1 h6 12. Nbd2 Ba6 13. O-O e6 14. Rd1 Qe7 15. Nb3
O-O 16. Bxh6 c4 17. Bxg7 Kxg7 18. Nxa5 Qc5 19. Nxc4 Bxc4 20. dxc4 Ne5 21. Nxe5
Qxe5 22. Re1 f5 23. exf5 Qxf5 24. Qd2 Rad8 25. Qe2 Rf6 26. Rad1 Rdf8 27. Rd2
R8f7 28. Qe5 Qxe5 29. Rxe5 Ra7 30. b3 Kf7 31. Rd6 Ke7 32. Rxc6 Rd7 33. Re2 1-0

[Event "Vaujany 2022 Accession"]
[Site "Vaujany"]
[Date "2022.07.20"]
[Round "7.6"]
[White "Brion Lacherest, Nathan"]
[Black "Marmion, Alexandre"]
[Result "1-0"]
[WhiteElo "1711"]
[BlackElo "1557"]
[Annotator "promoechecs"]
[PlyCount "131"]
[EventDate "2022.07.14"]
[EventType "swiss"]
[EventCountry "FRA"]
[SourceVersionDate "2022.07.17"]

{[%evp 0,6,19,31,34,19,13,4,25]} 1. e4 e5 2. Nf3 Nc6 3. Bb5 Nf6 {La défense
berlinoise} 4. O-O Nxe4 5. Re1 ({Le coup principal est ici} 5. d4 Nd6 6. Bxc6
dxc6 7. dxe5 Nf5 8. Qxd8+ Kxd8) 5... Nd6 6. Nxe5 Nxe5 7. Rxe5+ Be7 8. Ba4 {
Les deux coups principaux joués ici sont 8 Cc3 et 8 Fd3} (8. Nc3 O-O (8...
Nxb5 9. Nd5 Kf8 10. Nxe7 d6 11. Rxb5 Qxe7 12. d4)) (8. Bd3 O-O 9. Nc3 c6) 8...
O-O 9. d4 {la suite principale. On rencontre également 9 c3 et 9 Cc3.} Bf6 (
9... Nc4 {a également apporté de beaux succès aux noirs dans la pratique}
10. Re1 d5 11. Nd2 Nd6 (11... Nb6)) 10. Re1 Re8 {10 ...Cf5 et 10...b5 sont
également bons pour les noirs.} (10... Nf5 11. c3 d5 12. Bf4) (10... b5 11.
Bb3 Bb7 (11... Re8)) 11. c3 Rxe1+ ({Dans la pratique} 11... b5 {a amené de
meilleurs résultats aux noirs.} 12. Bc2 Bb7 13. Nd2) 12. Qxe1 Qe7 13. Qxe7
Bxe7 14. Bf4 c6 15. Nd2 Nf5 16. Re1 Kf8 17. d5 Bd6 18. Bxd6+ Nxd6 19. Ne4 Nxe4
20. Rxe4 b5 21. Bb3 Bb7 22. dxc6 Bxc6 (22... dxc6 23. Rf4 (23. Rd4 Re8 24. f3
$11 {[%eval 1,23]}) 23... f6 $11 {[%eval 9,21]} 24. Rd4 $11 {[%eval 9,21]}) 23.
Re3 (23. Re1 g6 $11) (23. Rf4 d5 24. Rh4 $11 {[%eval 4,21]}) (23. Re5 f6 24.
Re1 $11 {[%eval 10,23]}) 23... Re8 24. Rxe8+ Kxe8 25. f3 a5 26. Kf2 Ke7 (26...
a4 27. Bd1) 27. Ke3 a4 (27... d5 28. Kd4 Kd6) 28. Bc2 h6 29. Kd4 d6 30. Bd3 g5
{(=)} 31. c4 bxc4 32. Bxc4 f6 33. b4 axb3 34. Bxb3 Ba8 $2 35. Bc2 $2 (35. Bd5
$142 Bxd5 36. Kxd5 {et les blancs sont gagnants grace à leur pion passé
éloigné}) 35... Ke6 36. Be4 (36. a4 Bb7 37. a5 $18) 36... d5 37. Bh7 (37. Bd3
Kd6 (37... Bc6 38. Kc5 $18) 38. a4 h5 39. a5 Kc6 40. Ba6 Kd6 41. Bb5) 37... Kd6
38. a4 Bb7 39. Bd3 (39. Bg8 $142 f5 40. Bf7 Bc6 41. a5 f4 42. a6 Bb5 43. a7 Bc6
44. Be8 Ba8 45. Ba4 Bb7 46. Bb5 Ba8 47. Bd3) 39... Ba8 40. a5 Bb7 41. a6 Bc6
42. g3 (42. Bf5 h5 43. Bc8 Kc7 44. Bb7 Bxb7 45. axb7 Kxb7 46. Kxd5 {et gagne})
42... Bd7 43. Bf5 Bc6 44. Bc8 (44. g4 Kc7 45. Kc5 Ba8 46. Be6 d4 47. Kxd4 Bxf3
48. Bd5 Kb6 49. Bxf3 $18) 44... Bb5 45. Bb7 Kc7 46. Kxd5 f5 47. Ke5 Bd3 48. Kf6
g4 49. f4 Be4 50. Kg6 Bd3 51. Kxh6 Be4 52. Kg5 Bd3 53. Bd5 Bxa6 54. Be6 Kd6 55.
Bxf5 Ke7 56. Bxg4 Kf7 57. h4 Kg7 58. h5 Bc4 59. h6+ Kh7 60. Bf5+ Kh8 61. Kf6
Bg8 62. g4 Bf7 63. g5 Bg8 64. g6 Bh7 65. g7+ Kg8 66. Be6# 1-0

[Event "Vaujany 2022 Accession"]
[Site "Vaujany"]
[Date "2022.07.20"]
[Round "7.7"]
[White "Azou, Jorre"]
[Black "Spinosi, Aurelien"]
[Result "1/2-1/2"]
[WhiteElo "1552"]
[BlackElo "1705"]
[PlyCount "82"]
[EventDate "2022.07.14"]
[EventType "swiss"]
[EventCountry "FRA"]
[SourceVersionDate "2022.07.17"]

1. e4 c6 2. d4 d5 3. exd5 cxd5 4. Bd3 g6 (4... Nc6 5. c3 Nf6 6. Bf4 Bg4 7. Qb3
Qd7 8. Nd2) 5. Nf3 Bg7 6. O-O Nc6 7. c3 Nh6 8. Re1 O-O 9. Bf4 Nf5 {9...f6 et 9.
..Te8 sont plus fréquents} (9... f6 10. c4) (9... Re8 10. Nbd2 Bf5) 10. Nbd2
Nd6 11. Nf1 (11. Qb3 e6 12. Ne5) 11... Nf5 12. Qd2 Re8 13. Re2 a6 14. Ng3 Nxg3
15. fxg3 Bd7 16. Ne5 Nxe5 17. dxe5 e6 18. Bg5 Qb6+ 19. Kh1 Bb5 20. Bf6 Bxd3 21.
Qxd3 Rac8 22. Rf1 (22. Rc1 Rc6 23. Qf3 Bxf6 24. Qxf6 Qc7 25. h4 Qe7 26. Qf3 h5
27. Rf2 Rc7 28. Qd3 Kg7 29. Rf6 Rf8 30. Rf4 b5 31. g4 Rc4 32. g5) 22... Rc6 23.
Qf3 Bxf6 24. Qxf6 Qc7 25. h4 Qe7 26. Qf3 h5 27. Ref2 Rc7 28. Qd3 Kg7 29. Rf6
Rf8 30. R6f4 b5 31. g4 Rc4 32. g5 Rxf4 33. Rxf4 Qc7 34. Qe3 Rc8 35. Rf2 Qc4 36.
Qf3 Qxh4+ 37. Kg1 Rf8 38. Qf6+ Kg8 39. Qf4 Qxf4 40. Rxf4 Rc8 41. Kf2 Kf8
1/2-1/2

[Event "Vaujany 2022 Accession"]
[Site "Vaujany"]
[Date "2022.07.20"]
[Round "7.8"]
[White "Martin, Alix"]
[Black "Kratz, Jonathan"]
[Result "1-0"]
[WhiteElo "1695"]
[BlackElo "1429"]
[PlyCount "131"]
[EventDate "2022.07.14"]
[EventType "swiss"]
[EventCountry "FRA"]
[SourceVersionDate "2022.07.17"]

1. e4 c6 2. d4 d5 3. exd5 cxd5 4. Bd3 Nc6 5. c3 Qc7 (5... Nf6 6. Bf4 Bg4 7. Qb3
Qd7 8. Nd2 e6 9. Ngf3) 6. Ne2 Bg4 7. f3 Bd7 8. Bf4 e5 9. dxe5 Nxe5 10. O-O Bd6
11. Bc2 (11. Nd4 Ne7 (11... Nf6) (11... Nxd3)) 11... Nf6 12. Kh1 O-O (12...
O-O-O 13. a4 Nc4 14. Bxd6 Qxd6 15. Qd4 Rhe8 16. Re1 Re5 17. Nd2 Qe6 18. Nxc4
dxc4 19. Qxa7 Re8 20. Bd1 Nd5 21. a5 Bc6 22. Qd4 Nc7 23. h3 Bxf3 24. Ng1 Rxe1 {
0-1 (24) Nun,J (2345)-Plachetka,J (2445) Stary Smokovec 1981}) 13. Bb3 Bc6 14.
Nd4 Nc4 15. Bxd6 Nxd6 16. Na3 Rfe8 17. Qd3 Re5 18. Nxc6 bxc6 19. Rae1 Rh5 20.
h3 Nf5 21. f4 Ne4 22. Kg1 Nfg3 23. Rf3 Nc5 24. Qe3 Nge4 25. Bc2 Kf8 26. b4 Ne6
27. Bxe4 dxe4 28. Qxe4 g6 29. Nc4 Re8 30. Rfe3 Rf5 31. g3 Ng7 32. Qd3 Rd5 33.
Rxe8+ Nxe8 34. Qe3 Ng7 35. Kg2 Rd8 36. Qc5+ Kg8 37. Re7 Rd7 38. Rxd7 Qxd7 39.
Qd6 Qc8 40. Ne5 c5 41. Nc6 Qa8 42. Qxc5 Ne6 43. Qd5 Kg7 44. c4 h5 45. b5 Qb7
46. Qe5+ Kh7 47. f5 gxf5 48. Qxf5+ Kh6 49. Qf3 Qd7 50. Qd5 Qe8 51. Ne5 Qg8 52.
Qd2+ Kg7 53. Kh2 Qd8 54. Qd7 Qf8 55. Qxa7 h4 56. Qe3 Qb4 57. Qf2 f6 58. Qa7+
Kh6 59. Ng4+ Kg6 60. Qf2 hxg3+ 61. Qxg3 Qb2+ 62. Qg2 Qd4 63. Ne5+ Kf5 64. Ng4
Qf4+ 65. Qg3 Qd2+ 66. Qf2+ 1-0

[Event "Vaujany 2022 Accession"]
[Site "Vaujany"]
[Date "2022.09.16"]
[Round "7.9"]
[White "Poizat, Gaspard"]
[Black "Nicot, Valentin"]
[Result "1-0"]
[WhiteElo "1546"]
[BlackElo "1631"]
[PlyCount "77"]
[EventDate "2022.07.14"]
[EventType "swiss"]
[EventCountry "FRA"]
[SourceVersionDate "2022.07.17"]

1. d4 d5 2. Bf4 {Une ouverture décidément populaire dans ce tournoi et jouée
par Elian Gibaud, Matthias Frelau et Gaspard Poizat} c5 3. e3 (3. dxc5 Nc6 (
3... e6) (3... Qa5+) 4. Nf3) 3... cxd4 4. exd4 Nc6 5. c3 Bf5 6. Nf3 e6 7. Qb3
Qd7 8. Nh4 Bg6 9. Nxg6 hxg6 10. Nd2 a6 11. a4 Nf6 12. h3 Be7 13. Be2 O-O 14.
O-O Bd6 15. Bxd6 Qxd6 16. Rfe1 Nh5 17. Nf3 Nf4 18. g3 Nxe2+ 19. Rxe2 Qd7 20.
Ne5 Nxe5 21. Rxe5 b5 22. Ree1 Rfb8 23. a5 Qc6 24. Qb4 Qc4 25. Rac1 Rc8 26. b3
Qd3 27. Red1 Qf3 28. Re1 g5 29. Re3 Qf5 30. Kg2 g6 31. Rf3 Qe4 32. Qe7 Kg7 33.
Qxg5 (33. Qxf7+) 33... Rc7 34. Qf6+ Kg8 35. Kh2 Rac8 36. Rf4 Rxc3 37. Qxf7+ Kh8
38. Rxc3 Rxc3 39. Qf8+ 1-0

[Event "Vaujany 2022 Accession"]
[Site "Vaujany"]
[Date "2022.07.20"]
[Round "7.10"]
[White "Mergen, Bat"]
[Black "Bat, Anu"]
[Result "0-1"]
[WhiteElo "1824"]
[BlackElo "1485"]
[PlyCount "96"]
[EventDate "2022.07.14"]
[EventType "swiss"]
[EventCountry "FRA"]
[SourceVersionDate "2022.07.17"]

1. d4 Nf6 2. Nf3 d6 3. e3 Nbd7 4. Bd3 e5 5. Nbd2 g6 6. c3 Bg7 7. e4 O-O 8. Qb3
Nh5 9. dxe5 Nc5 10. Qc2 Nxd3+ 11. Qxd3 Nf4 12. Qf1 dxe5 13. Kd1 b6 14. b3 a5
15. Kc2 a4 16. Ba3 axb3+ 17. axb3 Re8 18. g3 Bh3 19. Qc4 Be6 20. Qf1 Nh5 21.
Qe2 c5 22. Bb2 Qc7 23. Rxa8 Rxa8 24. Ra1 Rxa1 25. Bxa1 Nf6 26. Ng5 Bg4 27. f3
Bc8 28. g4 h6 29. Nh3 h5 30. Nf2 Bh6 31. c4 Bxd2 32. Kxd2 hxg4 33. fxg4 Bxg4
34. Qe3 (34. Nxg4 Qd7+ 35. Kc2 $15 {[%eval -49,20]}) (34. Qd3 Bh5 35. Kc2 $17 {
[%eval -78,17]}) 34... Qd6+ (34... Bh5 35. Qg5 $17 {[%eval -98,17]}) 35. Nd3
Nd7 36. Qg3 Qe6 37. Bxe5 f6 38. h3 Bh5 (38... Nxe5 39. Nxe5 (39. hxg4 Qd7)
39... Qd6+ 40. Qd3 Qxe5) 39. Bc3 Qxe4 40. Nf4 Qf5 41. Nd5 Qe6 42. Qe3 Qxe3+ 43.
Kxe3 Kf7 44. b4 Bd1 45. bxc5 bxc5 46. Ba5 Ne5 47. Kd2 Nxc4+ 48. Kxd1 Nxa5 0-1

[Event "Vaujany 2022 Accession"]
[Site "Vaujany"]
[Date "2022.07.21"]
[Round "8.1"]
[White "Laposte, Nicolas"]
[Black "Oumer, Walid"]
[Result "1/2-1/2"]
[WhiteElo "1709"]
[BlackElo "1492"]
[Annotator "promoechecs"]
[PlyCount "106"]
[EventDate "2022.07.14"]
[EventType "swiss"]
[EventCountry "FRA"]
[SourceVersionDate "2022.07.17"]

{[%evp 0,24,19,31,72,49,91,54,57,31,41,29,17,18,28,10,24,-7,25,-7,-5,-26,-32,
-2,-22,-12,-20]} 1. e4 c5 2. Nc3 a6 3. f4 b5 4. d3 Bb7 5. a3 e6 6. Nf3 d5 7. e5
h5 8. d4 c4 9. Be2 Nh6 10. Ng5 g6 11. Be3 Nf5 12. Bf2 Be7 13. h4 Nc6 14. Qd2
Qb6 15. Nd1 a5 16. c3 b4 17. axb4 axb4 18. Rxa8+ Bxa8 19. Ne3 Qa5 20. Nxf5 gxf5
21. Kf1 Qa1+ 22. Be1 b3 23. Bd1 Na7 24. g3 Nc8 25. Kg2 Nb6 26. Bf2 Qa2 27. Re1
Na4 28. Re2 Qb1 29. Be3 Bc6 30. Rf2 Nxb2 31. Bxh5 Rxh5 32. Qxb2 Qxb2 33. Rxb2
Ba3 34. Rb1 b2 35. Nf3 Ba4 36. Nd2 Ke7 37. Re1 Bc2 38. Nb1 Bxb1 39. Rxb1 Rh8
40. Kf2 Rb8 41. Ke2 Rb3 42. Kd2 Kf8 43. Kc2 Kg7 44. Rh1 Kh6 45. Bd2 Kh5 46. Kb1
Kg4 47. Be1 Kf3 48. Rh2 Ke3 49. h5 Rb8 50. h6 Rh8 51. h7 Kf3 52. Ka2 Rb8 53.
Kb1 Rh8 1/2-1/2

[Event "Vaujany 2022 Accession"]
[Site "Vaujany"]
[Date "2022.07.21"]
[Round "8.2"]
[White "Roche, Yves"]
[Black "Frelau, Matthias"]
[Result "1/2-1/2"]
[WhiteElo "1729"]
[BlackElo "1786"]
[Annotator "promoechecs"]
[PlyCount "87"]
[EventDate "2022.07.14"]
[EventType "swiss"]
[EventCountry "FRA"]
[SourceVersionDate "2022.07.17"]

{[%evp 0,16,30,28,28,-16,35,35,17,17,26,35,38,38,37,15,15,7,70]} 1. d4 Nf6 2.
c4 g6 3. Nc3 Bg7 4. Nf3 O-O 5. e4 d6 6. Be2 e5 7. d5 Nbd7 8. O-O Ne8 (8... Nc5
9. Qc2 (9. Nd2 a5 10. Qc2) 9... a5) 9. Ne1 f5 10. f4 fxe4 11. Nxe4 exf4 12.
Rxf4 Rxf4 13. Bxf4 Bxb2 14. Bg5 Nef6 15. Rb1 Qe8 16. Nxd6 cxd6 17. Rxb2 Qe5 18.
Bc1 Nc5 19. Nf3 Qc3 20. Rc2 Qb4 21. Rb2 Qa5 22. Nd4 Nfe4 23. Bf3 Bd7 24. Bd2
Qa3 25. Bc1 Ba4 26. Qe2 Qc3 27. Qe3 Qxc4 28. Bxe4 Nxe4 29. Rxb7 Rf8 30. Nf3
Qxd5 31. Rxa7 Bb5 32. h3 Bc6 33. Qd4 Qxd4+ 34. Nxd4 Bd5 35. Ra5 Bb7 36. Be3 Re8
37. Ra7 Nc5 38. Bf2 Bd5 39. Nb5 Rd8 40. Nxd6 Rxd6 41. Bxc5 Rc6 42. Bf2 Rc1+ 43.
Kh2 Rc2 44. Kg3 1/2-1/2

[Event "Vaujany 2022 Accession"]
[Site "Vaujany"]
[Date "2022.07.21"]
[Round "8.3"]
[White "Bat, Anu"]
[Black "Gibaud, Elian"]
[Result "1/2-1/2"]
[WhiteElo "1485"]
[BlackElo "1752"]
[Annotator "promoechecs"]
[PlyCount "136"]
[EventDate "2022.07.14"]
[EventType "swiss"]
[EventCountry "FRA"]
[SourceVersionDate "2022.07.17"]

1. d4 d5 2. Nf3 Nf6 3. e3 e6 4. Bd3 c5 5. b3 cxd4 6. exd4 Bd6 7. O-O O-O 8. Bb2
b6 9. Nbd2 Nc6 10. Ne5 Bb7 11. f4 Rc8 12. a3 Ne7 13. Qe2 Qc7 14. Rac1 Ng6 15.
g3 a6 16. h4 Ne7 17. Ng4 Nxg4 18. Qxg4 f5 19. Qe2 Rf6 20. Nf3 h6 21. Ne5 Bxe5
22. fxe5 Rg6 23. Kh2 a5 24. Qd1 Nc6 25. Be2 h5 26. Rb1 Nxe5 27. dxe5 Qxc2 28.
Kh3 Rg4 29. Qxc2 Rxc2 30. Bd1 Rd2 31. Bc1 Ra2 32. Bb2 Re4 33. b4 Ba6 34. Rf2
Bc4 35. Bc2 Re3 36. bxa5 bxa5 37. a4 Bb3 38. Bd4 Bxc2 39. Rb8+ Kh7 40. Bxe3 f4
41. gxf4 (41. Rxf4) 41... Bf5+ 42. Kh2 Ra3 43. Bb6 Rxa4 44. Ra8 Ra3 45. Rxa5
Rh3+ 46. Kg1 Rxh4 47. Bd8 Rg4+ 48. Kh2 d4 49. Ra1 d3 50. Rg1 Rxg1 51. Kxg1 Be4
52. Kh2 Kg6 53. Kg3 Kf7 54. Kh4 g6 55. Kg5 Ke8 56. Ba5 Kd7 57. Rd2 Kc6 58. Kh4
Kb5 59. Bd8 Kc4 60. Kg3 Kc3 61. Ba5+ Kd4 62. Bb6+ Kc3 63. Be3 Bf5 64. Kf2 h4
65. Ke1 h3 66. Rd1 h2 67. Rc1+ Kb2 68. Kd2 Be4 1/2-1/2

[Event "Vaujany 2022 Accession"]
[Site "Vaujany"]
[Date "2022.07.21"]
[Round "8.4"]
[White "Brion Lacherest, Nathan"]
[Black "Celik, Ali Alper"]
[Result "0-1"]
[WhiteElo "1711"]
[BlackElo "1471"]
[Annotator "promoechecs"]
[PlyCount "100"]
[EventDate "2022.07.14"]
[EventType "swiss"]
[EventCountry "FRA"]
[SourceVersionDate "2022.07.17"]

1. e4 c5 2. Nf3 e6 3. d3 Nc6 4. g3 d5 5. Qe2 Be7 6. Bg2 Nf6 7. O-O O-O 8. a4
Qc7 9. e5 Nd7 (9... Nxe5 10. Nxe5 Qxe5 11. Bf4 Qxb2 12. Na3) 10. Bf4 b6 11. Re1
Bb7 12. c3 Rac8 13. Na3 a6 14. h4 Rfd8 15. Ng5 h6 16. Nxe6 fxe6 17. Qg4 Kh8 18.
Qxe6 Nf8 19. Qf7 g5 20. hxg5 Bxg5 21. Qf5 Qh7 22. Qxh7+ Kxh7 23. Bxg5 hxg5 24.
Rad1 Ne6 25. Bh3 Re8 26. f4 gxf4 27. gxf4 Rc7 28. Bxe6 Rxe6 29. Kf2 Rf7 30.
Rh1+ Kg8 31. Rdg1+ Kf8 32. Rh8+ Ke7 33. Ke3 d4+ 34. cxd4 cxd4+ 35. Ke2 Kd7 36.
Nc4 Kc7 37. Rg4 $2 Nxe5 38. Nxe5 (38. fxe5 Bf3+ 39. Kd2 Bxg4) 38... Rxe5+ 39.
fxe5 Bf3+ 40. Kd2 Bxg4 41. Rh4 Rf4 42. Rh7+ Kc6 43. Rh6+ Kd5 44. Rxb6 Kxe5 45.
Rxa6 Rf2+ 46. Kc1 Bf5 47. Ra5+ Kf4 48. Rd5 Ke3 49. b4 Bxd3 50. b5 Rc2+ 0-1

[Event "Vaujany 2022 Accession"]
[Site "Vaujany"]
[Date "2022.07.21"]
[Round "8.5"]
[White "Poizat, Gaspard"]
[Black "Martin, Alix"]
[Result "1/2-1/2"]
[WhiteElo "1546"]
[BlackElo "1695"]
[PlyCount "70"]
[EventDate "2022.07.14"]
[EventType "swiss"]
[EventCountry "FRA"]
[SourceVersionDate "2022.07.17"]

1. d4 d5 2. Bf4 c5 3. e3 Nc6 4. c3 Qb6 5. Qb3 c4 6. Qc2 g6 7. Nd2 Nf6 8. e4
Nxe4 9. Nxe4 dxe4 10. Bxc4 Bf5 11. Qb3 Qxb3 12. axb3 Bg7 13. Ne2 e5 14. dxe5
Nxe5 15. Bxe5 Bxe5 16. Bd5 Rd8 17. Bxb7 Be6 18. Bc6+ Kf8 19. Ba4 a5 20. Rd1 Rb8
21. Nd4 Bxd4 22. Rxd4 Bxb3 23. Bxb3 Rxb3 24. Rxe4 Rxb2 25. O-O Rc2 26. Ra4 Rxc3
27. Rxa5 Kg7 28. g3 Rb8 29. Kg2 Rb2 30. h4 h5 31. Ra6 Rcc2 32. Rd6 Rd2 33. Rxd2
Rxd2 34. Rc1 Ra2 35. Rc6 Ra7 1/2-1/2

[Event "Vaujany 2022 Accession"]
[Site "Vaujany"]
[Date "2022.07.21"]
[Round "8.6"]
[White "Weisz, Jacques"]
[Black "Findeling Creus, Paul"]
[Result "0-1"]
[WhiteElo "1722"]
[BlackElo "1639"]
[Annotator "promoechecs"]
[PlyCount "144"]
[EventDate "2022.07.14"]
[EventType "swiss"]
[EventCountry "FRA"]
[SourceVersionDate "2022.07.17"]

{[%evp 0,7,19,9,35,-44,72,-75,63,-30]} 1. d4 Nf6 2. c4 c5 3. d5 b5 4. Nd2 {
un coup très rare!} Qa5 (4... bxc4 5. e4 d6 6. Bxc4 g6 7. b3 Bg7 8. Bb2 O-O 9.
Ngf3) 5. Qc2 e6 6. e4 bxc4 7. Bxc4 exd5 (7... Bb7) 8. exd5 g6 9. b3 (9. Ne2 Bg7
10. O-O O-O 11. Nc3 d6 12. Be2 Ba6 13. Nc4 Bxc4 14. Bxc4 Nbd7 15. Bf4 Nb6 16.
Be2 Nfxd5 17. Nxd5 Nxd5 18. Bxd6 Rfd8 19. Qxc5 Qd2 20. Bf3 Rac8 21. Qxd5 {
1/2-1/2 (21) Sergienko,S (2456)-Golovin,L (2403) Voronezh 2005}) 9... Bg7 10.
Bb2 O-O 11. Ne2 d6 12. Bc3 Qc7 13. O-O Nbd7 14. Nf3 Nb6 15. Rad1 Bg4 16. Ne1
Rfe8 17. f3 Bf5 18. Qb2 Nxc4 19. bxc4 Rab8 20. Qd2 Nh5 21. Bxg7 Nxg7 22. Ng3
Rb4 23. Rc1 Qb7 24. Nd3 Bxd3 25. Qxd3 Qa6 26. a3 Ra4 27. Rc3 f5 28. f4 h6 29.
Kf2 Qb7 30. Qc2 Qa6 31. Qd3 Qb7 32. Rb1 Qe7 33. Qc2 Ra6 34. Qd2 Ra4 35. Re1
Qxe1+ 36. Qxe1 Rxe1 37. Kxe1 Ne8 38. Kd2 Nf6 39. Kc2 Kf8 40. Kb3 Ra6 41. h3 h5
42. Re3 Rb6+ 43. Kc2 h4 44. Ne2 Nh5 45. Rb3 Ke7 46. Re3+ Kf7 47. Rb3 Rxb3 48.
Kxb3 Ke7 49. Ka4 Kd7 50. Kb5 Kc7 51. Ka6 Kb8 52. a4 Ka8 53. a5 Kb8 54. Kb5 Kb7
55. a6+ Kc7 56. Ka5 Kd7 57. Kb5 Nf6 58. Nc3 Ne4 59. Na4 Kc7 60. Ka5 Ng3 61. Nc3
Ne4 62. Na4 Nd2 63. Nb2 Nb3+ 64. Ka4 Nd4 65. Ka5 Nc2 (65... Ne2 66. Nd3) 66.
Kb5 Ne3 67. Nd3 Nxg2 68. Nxc5 dxc5 69. Kxc5 Nxf4 70. d6+ Kd7 71. Kb5 Kxd6 72.
c5+ Kc7 0-1

[Event "Vaujany 2022 Accession"]
[Site "Vaujany"]
[Date "2022.07.21"]
[Round "8.8"]
[White "Spinosi, Aurelien"]
[Black "De Muyser, Xavier"]
[Result "1-0"]
[WhiteElo "1705"]
[BlackElo "1600"]
[Annotator "promoechecs"]
[PlyCount "99"]
[EventDate "2022.07.14"]
[EventType "swiss"]
[EventCountry "FRA"]
[SourceVersionDate "2022.07.17"]

{[%evp 0,2,19,19,57]} 1. e4 e6 2. d4 d5 3. Nd2 c5 4. dxc5 (4. exd5 {est la
variante principale} exd5 (4... Qxd5 5. Ngf3 cxd4 6. Bc4 Qd6 7. O-O Nf6 8. Nb3
Nc6 9. Nbxd4 Nxd4 10. Nxd4) 5. Ngf3 Nc6 6. Bb5 Bd6 7. dxc5 Bxc5 8. O-O Nge7 9.
Nb3 Bd6) (4. Ngf3 Nc6 (4... cxd4 5. exd5 Qxd5 6. Bc4 Qd6) 5. exd5) 4... Bxc5 5.
Nb3 Bb6 6. exd5 exd5 7. Qe2+ (7. Nf3 Nf6 8. Bb5+ Nc6 9. Qe2+ Be6 10. Nbd4 Qc8
11. O-O O-O 12. Nxe6 Qxe6 13. Qxe6 fxe6) 7... Ne7 8. Be3 (8. Bg5 f6 9. Be3 Bxe3
10. Qxe3 O-O 11. O-O-O Qc7 12. Ne2 Bg4 13. f3 Bh5 14. Nf4 Bf7 15. Ne6 Bxe6 16.
Qxe6+ Kh8 17. Bd3 Nbc6 18. Kb1 a5 19. Nc5 Nd4 20. Qh3 f5 21. c3 Qxc5 22. cxd4
Qd6 23. g4 g6 24. Rhe1 fxg4 25. fxg4 Nc6 26. Qe3 Rf4 27. Rf1 Raf8 28. h3 Nxd4
29. Bf5 Ne6 30. Bxe6 Rxf1 31. Qd4+ R1f6 32. Re1 Qb4 33. Qxb4 axb4 34. Bxd5 Rf1
35. Rxf1 Rxf1+ 36. Kc2 Rf2+ 37. Kb3 b6 38. Kxb4 Rxb2+ 39. Bb3 Rd2 40. Kb5 Rh2
41. Kxb6 Rxh3 42. Bc4 Rg3 43. a4 Rxg4 44. Bb5 Rg1 45. a5 Ra1 46. a6 Kg7 47. a7
Rxa7 48. Kxa7 h5 49. Kb6 Kf6 50. Kc5 h4 51. Kd4 g5 52. Bd7 {1/2-1/2 (52)
Lueders,G (2204)-Getzuhn,D (1913) Berlin 2010}) 8... Nd7 (8... Nbc6 9. Bxb6
Qxb6 10. Qb5 Qc7 11. O-O-O O-O 12. Nf3 Bd7 13. Nc5 Bc8 14. Qa4 Qb6 15. Qa3 Bg4
16. Be2 Rfc8 17. Kb1 Rc7 18. Rd3 Nd8 19. Nd4 Bxe2 20. Na4 Qf6 21. Nxe2 Qxf2 22.
Nec3 d4 23. Rhd1 Ne6 24. Nb6 Rf8 25. R3d2 Qf5 26. g4 Qc5 27. Qxc5 Rxc5 28. Nd7
dxc3 29. Re2 Rb5 30. Nxf8 Rxb2+ 31. Ka1 Kxf8 32. Rd3 Rb4 33. Rxc3 Rxg4 34. Rb3
b6 35. Rd2 Ke8 36. Ra3 Nc6 37. Rd6 Rc4 38. Kb2 Ke7 39. Rd2 h5 40. Rad3 Ne5 41.
Rc3 g5 42. Rd5 Rxc3 43. Kxc3 f6 44. Kd2 Nf3+ 45. Ke3 Nxh2 46. Rd3 Ng4+ 47. Kd2
Ne5 {0-1 (47) Schmitz,A (2101)-Diotallevi,M (2154) Cannes 2007}) 9. Nf3 O-O 10.
Nfd4 Ne5 11. c3 Bg4 12. f3 Bf5 13. Nxf5 Nxf5 14. Bxb6 Qxb6 15. O-O-O (15. Qxe5
$4 Rfe8) 15... Ne3 16. Rd4 N5c4 17. Qd3 a5 18. Rh4 g6 19. Qd4 Qe6 20. Nc5 Qf5
21. Bd3 Qg5 22. g3 Ng2+ 23. f4 Qe7 24. Rh3 Rac8 25. Bxc4 Qxc5 (25... dxc4) 26.
Qxc5 Rxc5 27. Bd3 Ne3 28. Re1 Ng4 29. Rh4 Nf2 (29... Nf6) 30. Kd2 Nxd3 31. Kxd3
Rfc8 32. f5 g5 33. Rh5 f6 34. Re7 R8c7 35. Rhxh7 Rxe7 36. Rxe7 Rb5 37. b3 d4
38. cxd4 Rxf5 39. Rxb7 Rf2 40. h4 Rxa2 41. hxg5 fxg5 42. Rb5 Ra3 43. Rxg5+ Kf7
44. Kc4 a4 45. b4 Rf3 46. g4 Rg3 47. Ra5 Rxg4 48. Rxa4 Ke6 49. Ra6+ Kd7 50. Kd5
1-0